ERP rendszerek bevezetésének logisztikai aspektusai

Bibliográfiai részletek
Szerző: Kóbor Enikő
További közreműködők: Bányai Dr. Kornél
Dokumentumtípus: Projektmunka
Kulcsszavak:áruszállítás
ERP rendszerek
információ
logisztika
vállalatok
Online Access:http://dolgozattar.uni-bge.hu/60034

MARC

LEADER 00000nnm a2200000 i 4500
001 dolg60034
005 20260409145911.0
008 260409suuuu hu o 000 hun d
040 |a BGE Dolgozattár Repozitórium  |b hun 
041 |a hu 
100 1 |a Kóbor Enikő 
245 1 0 |a ERP rendszerek bevezetésének logisztikai aspektusai  |c Kóbor Enikő  |h [elektronikus dokumentum] 
516 |a Project_work 
520 3 |a A szakdolgozat célja, hogy részletesen bemutassa az ERP (Enterprise Resource Planning – Vállalati Erőforrás-tervezési) rendszerek bevezetésének logisztikai aspektusait, különös tekintettel azokra a kihívásokra és lehetőségekre, amelyek a vállalatok logisztikai folyamatait érintik egy ilyen integrált informatikai rendszer implementálása során. A kutatás középpontjában az áll, hogy az ERP rendszerek milyen módon képesek támogatni, átalakítani és optimalizálni a vállalati logisztikai tevékenységeket, miközben számos stratégiai és operatív kérdés is felmerül. A dolgozat első részében elméleti keretként bemutatom az ERP rendszerek történeti fejlődését, felépítését, valamint főbb funkcióit. Külön figyelmet fordítok a logisztikai modulokra, mint például a beszerzés, a készletgazdálkodás, a raktározás, valamint a disztribúció. Ezek a modulok központi szerepet játszanak a vállalatok ellátási láncában, és jelentős hatással vannak a működési hatékonyságra, az átfutási időkre és a költségek optimalizálására. Az ERP rendszerek egyik legfőbb előnye az integrált működés, amely lehetővé teszi a valós idejű adatmegosztást és döntéshozatalt különböző szervezeti egységek között. Ugyanakkor a bevezetés számos kihívást is rejt magában, például az adatminőség biztosítása, a meglévő folyamatok újratervezése, illetve a munkavállalók ellenállása az új rendszerrel szemben. A dolgozat második részében a bevezetés gyakorlati aspektusait vizsgálom meg, különböző esettanulmányok és szakirodalmi példák alapján. Részletesen bemutatom, hogy a logisztikai folyamatok hogyan változnak meg az ERP rendszer hatására: milyen új lehetőségek nyílnak meg az automatizáció, a készletszint-optimalizálás, az ellátási lánc átláthatósága és az ügyféligények gyorsabb kiszolgálása terén. Ezzel párhuzamosan kitértem azokra a problémákra is, amelyek gyakran felmerülnek a bevezetési folyamat során, különösen a rendszer testreszabása, a képzési igények, valamint a vállalati kultúra és a változáskezelés kapcsán. Összegzésként megállapítható, hogy az ERP rendszerek bevezetése jelentős lehetőségeket kínál a logisztikai teljesítmény növelésére, de csak akkor, ha a vállalat képes megfelelő stratégiai szemlélettel, kellő előkészítéssel és aktív változásmenedzsmenttel kezelni a bevezetés során felmerülő kihívásokat. A dolgozat célja nem csupán az volt, hogy bemutassa az ERP rendszerek logisztikai hatásait, hanem hogy iránymutatást is adjon azoknak a vállalatoknak, amelyek egy ilyen komplex rendszer bevezetését tervezik. Az elemzések rámutatnak, hogy a siker kulcsa a jól strukturált bevezetési folyamatban, a munkatársak bevonásában és a folyamatos fejlesztésben rejlik. 
695 |a áruszállítás 
695 |a ERP rendszerek 
695 |a információ 
695 |a logisztika 
695 |a vállalatok 
700 1 |a Bányai Dr. Kornél  |e ths 
856 4 0 |u http://dolgozattar.uni-bge.hu/60034/1/Projektmunka_K%C3%B3bor%20Enik%C5%91_SWJ7CB.pdf  |z Dokumentum-elérés 
856 4 0 |u http://dolgozattar.uni-bge.hu/60034/2/K%C3%B3bor_Enik%C5%91_FOSZK_b%C3%ADr%C3%A1lat.pdf  |z Dokumentum-elérés